000 01046cam a2200289 4500
001 J87416
008 090401t1997 xxu||||| |||| 00| 0 eng d
035 _a(Sirsi) u81814
041 _aeng
050 _a333.33016
110 _aJoseph Rowntree Foundation
_92318
245 _aJoseph Rowntree Foundation index of private rents and yields. - First quarter 1997 - Fourth quarter 1997
260 _aYork
_bCentre for Housing Policy
_c1997
300 _a4 pt. ; 30cm.
350 _a200
520 _aThe JRF Index is produced in partnership with the association of Residential Letting Agents and other principal letting agents, the Rent Officer Service and the Halifax PLC.
650 _aASSOCIATION OF RESIDENTIAL LETTING AGENTS
650 _aHALIFAX PLC
650 _aJOSEPH ROWNTREE FOUNDATION INDEX OF PRIVATE RENTS AND YIELDS
650 _aPRIVATE SECTOR RENTS
650 _aRENT INDICES
650 _aRENT OFFICER SERVICE
650 _aRESIDENTIAL PROPERTY
_96266
690 _aHOUSING
942 _n0
948 _c30/10/1997
999 _c96749
_d96749